000 00303nam a22001337a 4500
008 170216b xxu||||| |||| 00| 0 eng d
020 _a0070262667
041 _aeng
080 _29ED
_a615
100 _a5
101 _aSHF
245 _aPHARMACOLOGICAL BASIS OF THERAPEUTICS
_cHARDMAN
942 _2udc
_cBK
999 _c5756
_d5756